000 00506nab a2200145Ia 4500
003 ES-SlBCS
005 20210601124313.0
008 140529s1984 xxu||||| |||| 00| 0 eng d
041 _aeng
100 1 _aWest, Edwing G.
_9139452
245 0 0 _aParental Versus State Goals in Education - Comments on Arthur E. Wise and Linda Darling-Hammond's Education by Voucher
_c Edwing G. West
650 0 4 _aEducación
_986687
773 0 _tEducational Theory
_gvol. 34, nº. 1, 1984, págs. 51-54
_wRev1399
942 _cAR
999 _c512607
_d512607